000 004840000a22001690004500
020 _a0-87808-951-9
041 0 _aENG
082 0 4 _aG 253.52 B7864b
245 1 0 _aBiblical and psychological perspectives for christian counselors / Robert K. Bower, Editor
260 _aSouth Pasadena, CA., USA : William Carey
300 _a310 Pag
001 6521
942 _cBK
999 _c36791
_d36791
336 _atexto
_btxt
_2rdacontent
337 _2rdamedia
_asin mediación
_bn
338 _2rdacarrier
_avolumen
_bnc